| 000 | 01475cab a2200193 4500 | ||
|---|---|---|---|
| 001 | L129870 | ||
| 008 | 050601n2005 000 0 eng u | ||
| 035 | _a(Sirsi) u129870 | ||
| 041 | _aeng | ||
| 100 | _aMacrory, Richard | ||
| 245 | _aLegal challenge to cement kiln application | ||
| 260 | _c2005 | ||
| 490 |
_aENDS Report _v(364) May 2005, 46-47(2) |
||
| 520 | _aAssesses the importance of "R (on the application of David Edwards) v Environment Agency, First Secretary of State, Secretary of State for Environment, Food and Rural Affairs and Rugby Limited" ([2005] EWHC 657 (Admin)). The claimant was granted permission to apply for judicial review of a decision of the first defendant , Environment Agency (EA), in 2003 to allow the Rugby Cement works in Rugby to burn waste tyres on a trial basis. It was held that although the 2003 decision was legally valid, EA should have made available an internal report on air quality assessment during the consultation period. Public consultation procedures on controversial Pollution Prevention and Control applications are likely to take longer after this judgment and EA will certainly need to review its practice on disclosure of internal reports during consultation procedures. The claimant is likely to seek leave to appeal from the Court of Appeal. | ||
| 590 | _aIKA070605 | ||
| 650 | _aR V ENVIRONMENT AGENCY AND OTHERS EX P EDWARDS | ||
| 690 | _aENVIRONMENTAL AND LAND CONSULTANCY-WASTE MANAGEMENT | ||
| 942 | _n0 | ||
| 999 |
_c75312 _d75312 |
||